Análisis de costos en presupuestos de carreteras
में बचाया:
| मुख्य लेखक: | |
|---|---|
| स्वरूप: | अज्ञात |
| प्रकाशित: |
[San José, Costa Rica]
1966
|
| विषय: | |
| टैग: |
टैग जोड़ें
कोई टैग नहीं, इस रिकॉर्ड को टैग करने वाले पहले व्यक्ति बनें!
|
MARC
| LEADER | 00000 a2200000 4500 | ||
|---|---|---|---|
| 003 | 011191 | ||
| 005 | 20221231143809.0 | ||
| 008 | 140114s1966 c a m 000 ||s d | ||
| 040 | |c cru CEDI | ||
| 090 | |a TFG 228 | ||
| 100 | |a Fernández Carballo, Otto |9 17607 | ||
| 245 | |a Análisis de costos en presupuestos de carreteras | ||
| 260 | |c 1966 |a [San José, Costa Rica] | ||
| 300 | |a [115] hojas : ilustraciones, gráficos ; 27 cm | ||
| 500 | |a Tesis (Ingeniero civil) Universidad de Costa Rica. | ||
| 650 | |x CARRETERAS - ANALISIS DE COSTOS |9 481 | ||
| 942 | |c TFG | ||
| 999 | |c 12136 |d 12136 | ||
